1591 1192 1438 1961 1340 1623 1116 1670 1513 1684 1171 1299 1182 1798 1621 1509 1453 1854 1612 1574 1160 1639 1321 1086 1590 1950 1416 1341 1731 1449 1662 1562 1659 1006 1230 1223 1777 1667 1170 1932 1522 1521 1130 1537 1000 1211 1944 1778 1189 1873 1364 1810 1958 1239 1229 1889 1052 1690 1271 1043 1213 1935 1027 1760 1496 1636 1728 1000 1923 1815 1411 1903 1112 1647 1820 1656 1945 1190 1302 1189 1582 1658 1271 1997 1900 1345 1514 1775 1840 1009 1111 1694 1256 1027 1834 1357 1041 1727 1675 BCNSPRNW ULIB Ver.6.0+V

เปลี่ยนเป็นภาษาไทย

Change to English
 แสดงรายละเอียดบรรณานุกรม
  กลับหน้าหลัก

Brief Record : Get Marc (ISO 2709) : E-mail record : QR code < ปิดหน้าต่าง
LEADER : 00000nam 2200000uu 4500
001    13399110667
003     ULIB
008    110607s2542||||th 000 0 tha d
020    9746135678 (ล.1)
060 04 WU100^bส747อ 2542 ล.1
245 00 ทันตกรรมชุมชน หน่วยที่ 1-8=^bCommunity dentistry /^cสาขาวิทยาศาสตร์สุขภาพ มหาวิทยาลัยสุโขทัยธรรมาธิราช
246 31 Community dentistry
250    พิมพ์ครั้งที่ 2
260    นนทบุรี :^bสำนักพิมพ์ มสธ.,^c2542
300    2 เล่ม
500    เอกสารการสอนชุดวิชาทันตกรรมชุมชน
650  7 ทันตสาธารณสุข
650  7 ทันตกรรม
710 2  มหาวิทยาลัยสุโขทัยธรรมาธิราช. ^bสาขาวิชาวิทยาศาสตร์สุขภาพ
740 02 เอกสารการสอนชุดวิชาทันตกรรมชุมชน
945    ^p0^l0^i022724
945    ^p0^l0^i022722
945    ^p0^l0^i022723
995    เกษร
999 ^a ใช้งานได้ทุกระบบ
รายการนี้ยังไม่มีแท็ก
คุณยังไม่ได้ล็อกอิน คุณสามารถมีกิจกรรมร่วมกับเว็บไซต์ได้ แต่ต้องล็อกอินก่อน ::
  ล็อกอิน

รายการสื่อสารสนเทศ

ลำดับที่ ประเภท เลขเรียก/บาร์โค้ด สถานที่ สถานะ
- ไม่พบข้อมูล -

รายการใกล้เคียง
    หัวเรื่อง [ทันตสาธารณสุข]
    หัวเรื่อง [ทันตกรรม]

BibComment


ยังไม่เคยถูกคอมเมนท์

คอมเมนท์ทรัพยากรรายการนี้
  คอมเมนท์: ทันตกรรมชุมชน หน่..


 Copyright 2026. Bcnsprnw @Library